UEFA Champions League winnaars (voetballers) - Sudden Death - Statistieken

Algemene statistieken
  • Deze quiz is 1.711 keer genomen
  • De gemiddelde score is 6 van 44
Answers on the Grid
Answers color-coded by a green-red scale on the quiz's grid according to % correct below.
Toni Kroos
Lionel Messi
Cristiano Ronaldo
Karim Benzema
Andrés Iniesta
Gerd Müller
Franz Beckenbauer
Uli Hoeneß
Thomas Müller
Manuel Neuer
Achraf Hakimi
Nuno Mendes
Marc-André ter Stegen
Arda Güler
Virgil van Dijk
Eden Hazard
Julián Alvarez
Mason Mount
Kai Havertz
N'Golo Kanté
Timo Werner
Olivier Giroud
Jamal Musiala
Robert Lewandowski
Joshua Kimmich
Niklas Süle
Neymar
Sadio Mané
Sami Khedira
Luis Suárez
Emre Can
Franck Ribéry
Bastian Schweinsteiger
Philipp Lahm
Kaká
Frank Lampard
Ashley Cole
Petr Cech
Fernando Torres
Thierry Henry
Ronaldinho
Oliver Kahn
Lars Ricken
Rudi Völler
Kylian Mbappé
Mats Hummels
Roberto Baggio
Antoine Griezmann
Cesc Fabregas
Michael Ballack
Ruud van Nistelrooy
Lilian Thuram
Francesco Totti
Fabio Cannavaro
Zlatan Ibrahimović
Sergio Agüero
Dennis Bergkamp
Gianluigi Buffon
Ronaldo (R9)
Lothar Matthäus
Florian Wirtz
Jadon Sancho
Julian Brandt
Marco Reus
Julian Draxler
Jens Lehmann
Pierre-Emerick Aubameyang
Mesut Özil
Mario Götze
Harry Kane
Heung-min Son
Diego Maradona
 
Antwoordstatistieken
Antwoord % Correct
Virgil van Dijk
27%
Lionel Messi
26%
Cristiano Ronaldo
25%
Manuel Neuer
24%
Neymar
24%
Toni Kroos
24%
Karim Benzema
23%
Ronaldinho
23%
Luis Suárez
22%
N'Golo Kanté
22%
Robert Lewandowski
21%
Achraf Hakimi
20%
Andrés Iniesta
20%
Franck Ribéry
18%
Joshua Kimmich
18%
Nuno Mendes
17%
Sadio Mané
17%
Thomas Müller
17%
Kai Havertz
16%
Mason Mount
16%
Kaká
15%
Philipp Lahm
14%
Marc-André ter Stegen
13%
Petr Cech
13%
Thierry Henry
13%
Arda Güler
12%
Bastian Schweinsteiger
12%
Timo Werner
12%
Eden Hazard
11%
Fernando Torres
11%
Julián Alvarez
11%
Olivier Giroud
10%
Ashley Cole
9%
Frank Lampard
9%
Franz Beckenbauer
9%
Gerd Müller
8%
Oliver Kahn
8%
Emre Can
6%
Jamal Musiala
6%
Sami Khedira
6%
Niklas Süle
5%
Lars Ricken
3%
Rudi Völler
2%
Uli Hoeneß
2%
Geen overeenkomende quizzen gevonden
Scoreverdeling
Procent van Mensen met Elke Score
Percentiel versus Aantal Correcte Antwoorden
Uw Scoregeschiedenis
U heeft deze quiz nog niet genomen